Autorzy lektur - Statystyki

Ogólne statystyki
  • Ten quiz został rozwiązany 89 razy
    85 od ostatniego zresetowania
  • Średni wynik to 9 z 12
Statystyki odpowiedzi
Hint Odpowiedź % Poprawnych
Pan Tadeusz Adam Mickiewicz
99%
Zemsta Aleksander Fredro
84%
Lalka Bolesław Prus
83%
Balladyna Juliusz słowacki
81%
Romeo i Julia William Szekspir
72%
Nad Niemnem Eliza Orzeszkowa
68%
Wesele Stanisław Wyspiański
65%
Chłopi Władysław Reymont
65%
Kamienie na szaniec Aleksander Kamiński
64%
Latarnik Henryk Sienkiewicz
61%
Syzyfowe prace Stefan Żeromski
61%
Opowieść wigilijna Charles Dickens
57%
Nie znaleziono quizów pasujących do podanych kryteriów
Rozkład punktacji
Procent ludzi z każdym wynikiem
Percentyl według liczby udzielonych odpowiedzi
Twoja historia wyników
Nie rozwiązałeś tego quizu od ostatniego zresetowania